Storia di Caterina che per ott'anni vestì abiti da uomo /
Gorde:
| Egile nagusia: | |
|---|---|
| Beste egile batzuk: | |
| Formatua: | Liburua |
| Hizkuntza: | italiera |
| Argitaratua: |
Bologna :
Il mulino,
2014
|
| Saila: | Intersezioni ;
413 |
| Gaiak: | |
| Etiketak: |
Etiketarik gabe, Izan zaitez lehena erregistro honi etiketa jartzen!
|
MARC
| LEADER | 00000nam a2200000 i 4500 | ||
|---|---|---|---|
| 001 | IT\ICCU\UBO\4054134 | ||
| 003 | ItRI | ||
| 005 | 20260204143315.0 | ||
| 008 | 140121s2014 it |||||| ||||| |||||c | ||
| 015 | |2 IT |a 2014-1266 | ||
| 020 | |a 9788815248015 | ||
| 040 | |b ita |c Arcigay Rimini | ||
| 041 | 7 | |a ita |2 ISO-639-2 | |
| 082 | |a 306.766309033 |2 23 | ||
| 100 | 1 | |a Barbagli, Marzio |0 IT\ICCU\CFIV\022069 |4 aut | |
| 240 | 1 | 0 | |a Storia di Caterina che per ott'anni vestì abiti da uomo |9 Barbagli, Marzio |
| 245 | 1 | 0 | |a Storia di Caterina che per ott'anni vestì abiti da uomo / |c Marzio Barbagli. |
| 246 | 1 | 3 | |a Storia di Caterina |
| 260 | |a Bologna : |b Il mulino, |c 2014 | ||
| 300 | |a 243 p. , [8] carte di tav. : |b ill. ; |c 21 cm | ||
| 500 | |a In appendice: Breve storia dlla vita di Catterina Vizzani romana che per ott'anni vestì abito da uomo in qualità di servidore la quale dopo varj casi essendo in fine stata uccisa fu trovata pulcella nella sezzione del suo cadavero, di Giovanni Bianchi. | ||
| 500 | |a Titolo sul dorso | ||
| 650 | 7 | |a Omosessualità femminile |x Sec. 18. |2 nsbncf | |
| 650 | 7 | |a Vizzani, Caterina |2 nsbncf | |
| 700 | 1 | |a Bianchi, Giovanni, |d (1693-1775) |0 IT\ICCU\UFIV\077748 | |
| 830 | 0 | |a Intersezioni ; |v 413 |0 IT\ICCU\CFI\0000400 | |
| 942 | |2 ddc |c BK | ||
| 952 | |0 0 |1 0 |2 ddc |4 0 |6 306_766000000000000_BAR_STO |7 1 |9 2541 |a RN |b RN |d 2024-12-30 |l 0 |o 306.766 BAR STO |p 9985 |r 2024-12-30 16:49:07 |w 2024-12-30 |y BK | ||
| 952 | |0 0 |1 0 |4 0 |6 L_306_766000000000000_BAR |7 0 |9 19370 |a BO |b BO |d 2026-01-15 |i 17474 |l 0 |o L 306.766 BAR |p BO17474 |r 2026-01-15 23:20:47 |w 2026-01-15 |x [Sebina 5] [1 v.] |y BK |z 1 v. (con dedica dell'A.) | ||
| 999 | |c 2207 |d 2207 | ||